=LDR 00000nam 2200000 4500 =001 INLIS000000000029552 =005 20130612131758 =008 ***********************************Ind** =035 ##$$0010-061300000029552 =041 ##$$a Ind =082 ##$$a 635.1 =090 ##$$a 635.1, Cah t =100 ##$$a Cayyono, Bambang =245 ##$$a Teknik budi daya dan analisa usaha tani selada, Bambang Cahyono ; editor, Yulianawati =260 ##$$a 23 cm $b Semarang =300 ##$$a v, 114 hlm, ilus, 23 cm =650 ##$$a Sayuran =700 ##$$a Yulianawati =850 ##$$a NBPNMAT =990 ##$$a 03430343